|
|
|
|
| LEADER |
00000nab a2200000 a 4500 |
| 001 |
vtls000598274 |
| 003 |
SK-MaSNL |
| 005 |
20260304091417.0 |
| 008 |
250425c1996 xo 0 slo |
| 015 |
|
|
|a SNBRB19rr/mm-uuuuu
|
| 035 |
|
|
|a CL0598413
|
| 035 |
|
|
|a (urnnbn)urn:nbn:sk:snk:ar-005jco
|
| 035 |
|
|
|a (uuid)c35f9833-ea0c-4da9-8942-c85506e8fd08
|
| 035 |
|
|
|a urn:nbn:sk:snk-ab7zw3
|
| 040 |
|
|
|a SNKBUCL
|b slo
|c SNKBUCL
|e AACR2
|
| 041 |
0 |
|
|a slo
|
| 044 |
|
|
|a xo
|c SK
|
| 080 |
|
|
|a 551.2/.3(234.372.3):061.3
|2 1981
|
| 245 |
0 |
0 |
|a Seminár Hercýnska orogenéza v Západných Karpatoch - fakty a hypotézy, 1. časť
|
| 300 |
|
|
|b Obr. 3, tab. 1
|
| 650 |
0 |
7 |
|a orogenéza hercýnska
|2 snkbucl
|9 1383730
|
| 651 |
|
7 |
|a Západné Karpaty (pohorie)
|2 snkbucl
|9 175174
|
| 655 |
|
7 |
|a články z novín a časopisov
|2 snkbucl
|9 267496
|
| 773 |
0 |
|
|t Mineralia slovaca
|g Roč. 28, č. 1 (1996)
|g S. 10-11
|x 0369-2086
|x 0369-2086
|
| 773 |
0 |
|
|t [Príl.] Geovestník
|g Roč. 28, č. 1 (1996)
|g S. 10-11
|x 0369-2086
|x 0369-2086
|
| 850 |
|
|
|a Slovenská národná knižnica
|
| 852 |
|
|
|a Slovenská národná knižnica
|
| 954 |
|
|
|a odborná, vedecká literatúra pôvodná (slovenská)
|2 lita
|
| 958 |
|
|
|a article9
|
| 958 |
|
|
|a RK
|
| 958 |
|
|
|a SK
|
| 958 |
|
|
|a OND
|
| 958 |
|
|
|a EUIPO
|
| 992 |
|
|
|a RBX
|
| 999 |
|
|
|c 2815311
|d 2817241
|